Responses for show #3915 - Friday, September 14, 2001

Mark Dawson game 1.

Contestants

Mark Dawson, a business manager from Chamblee, Georgia

Marielsa Ruiz, a flight attendant from New York, New York

Jennifer Hartford, an insurance adjuster from West Covina, California (whose 1-day cash winnings total $5,200)

Jeopardy! Round responses

ANAGRAMMED WORLD CAPITALS
FAMOUS PAIRS
IN THE MARCH 28, 2000 NEWSPAPER
(Alex: I hope you remember that edition.)
THAT'S A FACT!
PROFESSORS
THE HIGH & THE MIGHTY
    $100 9
Tokyo

Jennifer
    $100 1
a horse and carriage

Mark
    $100 17
Saddam Hussein

Marielsa
    $100 2
red

Mark
    $100 16
men

Jennifer
    $100 22
(Alex: Yes, big man on [*].)

campus

Mark
    $200 12
(Mark: Argentina? Uh...)
(Marielsa: What is Buenos Aires?)

Santiago

JenniferMarielsaMark
    $200 7
bow & arrows

Jennifer
    $200 18
(Alex: [*], yes. No longer the case, though.)

Microsoft

Jennifer
    $200 3
(Strom) Thurmond

Jennifer
    $200 24
economics

Marielsa
    $200 23
(Mark: What are the white shirts?)

suits (gray suits accepted)

MarielsaMark
    $300 13
Mexico City

Mark
    $300 8
(Jennifer: What are Johnson & Johnson?)

Procter & Gamble

JenniferMarielsa
    $300 19
John Rocker

Mark
    $300 4
steel drums

Jennifer
    $300 25
an absent-minded professor

Mark
    $300 26
a gorilla

Marielsa
    $400 14
Athens

Triple Stumper
    $400 10
(Marielsa: Um... I don't know.)

Peaches & Herb

MarielsaMark
    $400 20
Charlie Sheen

Jennifer
    $400 5
Mother's Day & Father's Day

Jennifer
    $400 27
theology

Mark
    $500 15
Tripoli

Mark
    $600 11
(Mark: Can't recall.)

Abercrombie & Fitch

Mark
    $500 21
(Marielsa: Who is Trudeau?)

Doonesbury

MarielsaMark
    $500 6
Where's Waldo?

Jennifer
    $500 28
(Mark: Who is Skinner?)
(Jennifer: Who is James?)

John B. Watson

JenniferMark
Triple Stumper

Scores at the first commercial break (after clue 13):

Jennifer Marielsa Mark
$1,600 -$300 $100

Scores at the end of the Jeopardy! Round:

Jennifer Marielsa Mark
$1,800 $0 $1,500

Double Jeopardy! Round responses

WHO LET THE DOGS OUT?
(Alex: Woof... woof... woof.)
WHAT'S MY LINE?
(Alex: We want you to complete each line of poetry for us.)
WHERE THE "BOY"s ARE?
WHEN WAS THAT, BORIS?
WHY DID THEY MAKE THIS MOVIE?
HOW DO YOU WORK THIS THING?
    $200 2
Australia

Jennifer
    $200 1
Gunga Din

Mark
    $200 12
a busboy

Mark
    $200 20
1861

Jennifer
    $200 17
Jonathan Livingston Seagull

Jennifer
    $200 5
a seat belt

Jennifer
    $400 3
webbed

Mark
    $400 27
(Mark: Casey--What is Casey has struck out?)
(Marielsa: What is "Casey at the Bat"?)
(Jennifer: What is for mighty Casey has struck out?)

Mighty Casey has struck out

JenniferMarielsaMark
Triple Stumper
    $400 13
a boycott

Jennifer
    $400 23
(Marielsa: What is 1447?)

1547

MarielsaMark
    $400 18
Heaven's Gate

Marielsa
    $400 7
(Jennifer: What is a plumber's helper?)
(Marielsa: What is a wrench?)
(Mark: It's--how do you work a roto-rooter machine?)
(Alex: Nope, you don't. Because a roto-rooter machine is usually operated with a motor, an electric motor. We're talking about [*] here, [*], where you have to crank it.)

a snake

JenniferMarielsaMark
Triple Stumper
    $1,200 4
Duke

Mark
    $600 14
(Mark: What is "The Boogie Woogie Bugle Boy of Company C"?)

"The Boogie Woogie Bugle Boy (of Company B)"

JenniferMark
    $600 24
St. Petersburg

Jennifer
    $600 19
Road House

Mark
    $600 8
wearing a kimono

Jennifer
    $800 6
Millie

Mark
    $800 15
flamboyant

Jennifer
    $800 25
1920

Jennifer
    $800 21
Chevy Chase

Mark
    $800 10
play a harp

Mark
    $1000 9
the dogs of war

Mark
    $1000 16
a boysenberry

Jennifer
    $1000 26
Japan

Jennifer
    $1000 22
Myra Breckinridge

Marielsa
    $500 11
use a double boiler

Mark

Scores at the end of the Double Jeopardy! Round:

Jennifer Marielsa Mark
$7,600 $200 $7,000

[wagering suggestions for these scores]

Final Jeopardy! Round responses

ASTRONOMER'S DICTIONARY
MarielsaWhat is galaxy?
$200
MarkWhat is zoediac?
$6,599
JenniferWhat is Zodiac?
$1,400
zodiac

Final scores:

Jennifer Marielsa Mark
$9,000 $0 $13,599
2nd place: trip to Hong Kong & stay at Regal Hong Kong Hotel 3rd place: Pinseeker his or hers golf clubs New champion: $13,599

Game dynamics:

Coryat scores:

Jennifer Marielsa Mark
$7,600 $200 $7,500
22 R,
4 W
7 R,
6 W
21 R
(including 2 DDs),
7 W
(including 1 DD)

Combined Coryat: $15,300

The J! Archive is created by fans, for fans. The Jeopardy! game show and all elements thereof, including but not limited to copyright and trademark thereto, are the property of Jeopardy Productions, Inc. and are protected under law. This website is not affiliated with, sponsored by, or operated by Jeopardy Productions, Inc. Join the discussion at JBoard.tv.